El cuerpo humano
Сохранить в:
| Формат: | |
|---|---|
| Язык: | испанский |
| Опубликовано: |
Santiago
El Mercurio
1993
Santiago Aetna 1993 |
| Серии: | Serie de Lujo Coleccionable
|
| Предметы: | |
| Метки: |
Добавить метку
Нет меток, Требуется 1-ая метка записи!
|
MARC
| LEADER | 00000nam a2200000 a 4500 | ||
|---|---|---|---|
| 001 | UCZ8516 | ||
| 003 | CL-VaPUC | ||
| 008 | 960121e19930000CL |||||||||||||||||spa|d | ||
| 082 | 0 | 4 | |a 612 |b CUE |2 21 |
| 245 | 1 | 3 | |a El cuerpo humano |
| 300 | |a 60 p | ||
| 942 | |c BK | ||
| 945 | |d 19960121 00:00:00 |a cmena | ||
| 260 | |a Santiago |b El Mercurio |c 1993 | ||
| 260 | |a Santiago |b Aetna |c 1993 | ||
| 650 | 0 | |a Anatomía humana |9 269546 | |
| 650 | 0 | |a Fisiología humana |9 269557 | |
| 650 | 7 | |a BIOLOGIA HUMANA |2 CL-VaPUC |9 269547 | |
| 650 | 7 | |a REPRODUCCION BIOLOGICA |2 CL-VaPUC |9 338966 | |
| 650 | 0 | |a Sexo |9 257818 | |
| 650 | 7 | |a SISTEMA ENDOCRINO |2 CL-VaPUC |9 329871 | |
| 650 | 0 | |a Cerebro |9 307262 | |
| 650 | 0 | |a Células |9 269548 | |
| 650 | 7 | |a SISTEMA ESQUELETO MUSCULO |2 CL-VaPUC |9 334277 | |
| 650 | 7 | |a SISTEMA NERVIOSO AUTONOMO |2 CL-VaPUC |9 353844 | |
| 650 | 7 | |a SISTEMA CARDIOVASCULAR |2 CL-VaPUC |9 329868 | |
| 650 | 7 | |a CIRCULACION SANGUINEA |2 CL-VaPUC |9 343796 | |
| 650 | 0 | |a Enfermedades |9 263059 | |
| 583 | |a last modification |c 20130414 03:54:21 |k Rodrigo Vera | ||
| 490 | 0 | |a Serie de Lujo Coleccionable | |
| 999 | |c 244389 |d 244387 | ||
| 952 | |0 0 |1 0 |4 0 |6 612_000000000000000_CUE_1993_1993 |7 0 |8 X |9 258444 |a BIBEDU |b BIBEDU |d 2019-11-19 |i 1622048 |o 612 CUE 1993 1993 |p 1622048 |r 2023-01-13 |w 2019-11-19 |y BK_X |k EDU | ||